[Event "Najdorf Mem Open A"]
[Site "Warsaw POL"]
[Date "2010.07.21"]
[Round "5"]
[White "Radulski,J"]
[Black "Mista,A"]
[Result "1/2-1/2"]
[WhiteElo "2574"]
[BlackElo "2562"]
[EventDate "2010.07.17"]

1. e4 d6 2. d4 Nf6 3. Nc3 g6 4. Be2 Bg7 5. Nf3 O-O 6. O-O c6 7. h3 Nbd7 8.
e5 dxe5 9. dxe5 Nd5 10. Nxd5 cxd5 11. Bf4 Qc7 12. Qxd5 Qxc2 13. Rfe1 Qxb2
14. a4 Nb6 15. Qe4 Bf5 16. Qxb7 Nxa4 17. Qxe7 Nc3 18. Bc4 Rac8 19. Ba6 Nd5
20. Qh4 Rc2 21. Bg3 h6 22. Qd4 Nc7 23. Bf1 Ra8 24. Rxa7 Rxa7 25. Qxa7 Ne6
26. Qa8+ Kh7 27. Qe8 Qb7 28. Rd1 Be4 29. Rd7 Rc7 30. Rxc7 Qxc7 31. Qb5 Bxf3
32. gxf3 Qc1 33. Qc4 Qxc4 34. Bxc4 g5 35. Bd3+ 1/2-1/2

[Event "Najdorf Mem Open A"]
[Site "Warsaw POL"]
[Date "2010.07.21"]
[Round "5"]
[White "Brodsky,M"]
[Black "Rej,T"]
[Result "1-0"]
[WhiteElo "2540"]
[BlackElo "2334"]
[EventDate "2010.07.17"]

1. d4 d5 2. c4 e6 3. Nf3 Nf6 4. g3 Be7 5. Bg2 O-O 6. O-O c6 7. Qc2 Nbd7 8.
Rd1 b6 9. Nc3 Ba6 10. Ne5 Nxe5 11. dxe5 Nd7 12. cxd5 cxd5 13. e4 d4 14.
Rxd4 Qc7 15. Bf4 Bc5 16. Na4 Rfc8 17. Nxc5 Nxe5 18. Qc3 1-0

[Event "Najdorf Mem Open A"]
[Site "Warsaw POL"]
[Date "2010.07.21"]
[Round "5"]
[White "Macieja,B"]
[Black "Burg,T"]
[Result "1/2-1/2"]
[WhiteElo "2639"]
[BlackElo "2449"]
[EventDate "2010.07.17"]

1. c4 c6 2. e4 d5 3. cxd5 cxd5 4. exd5 Nf6 5. Qa4+ Nbd7 6. Nc3 g6 7. Nf3
Bg7 8. Bc4 O-O 9. d3 a6 10. Qa3 b6 11. O-O Bb7 12. Re1 Re8 13. Ng5 Rc8 14.
Be3 Ne5 15. Rad1 Nxc4 16. dxc4 Rxc4 17. Qb3 b5 18. a4 Qd6 19. axb5 axb5 20.
Qxb5 Rb4 21. Bc5 Rxb5 22. Bxd6 Rxb2 23. Bxe7 Nxd5 24. Ba3 Rxe1+ 25. Rxe1
Bxc3 26. Re8+ Kg7 27. Bxb2 Bxb2 28. Rb8 Bf6 29. Nxh7 Kxh7 30. Rxb7 Kg7 31.
g3 g5 32. Kg2 Ne7 33. Kf3 Nf5 34. Kg4 Kg6 35. Rb6 Nh6+ 36. Kf3 Kf5 37. h3
g4+ 38. Kg2 gxh3+ 39. Kxh3 Ng8 40. Rb5+ Kg6 41. f4 Be7 42. g4 f6 43. Rb8
Nh6 44. Rb7 Kf7 45. Kh4 Ng8 46. Kh5 Kg7 47. g5 fxg5 48. fxg5 Kf7 49. Kg4
Kg6 50. Rb8 Kf7 51. Kf5 Bxg5 52. Kxg5 Ne7 53. Rb6 Nd5 54. Ra6 Ne7 55. Rd6
Ng8 56. Rd1 Ke6 57. Re1+ Kd6 58. Re8 Ne7 59. Rxe7 Kxe7 1/2-1/2

[Event "Najdorf Mem Open A"]
[Site "Warsaw POL"]
[Date "2010.07.21"]
[Round "5"]
[White "Socko,M"]
[Black "Hammer,J"]
[Result "1-0"]
[WhiteElo "2477"]
[BlackElo "2636"]
[EventDate "2010.07.17"]

1. d4 Nf6 2. c4 e6 3. Nc3 Bb4 4. e3 O-O 5. Nge2 d5 6. a3 Be7 7. cxd5 exd5
8. Ng3 g6 9. Bd3 a5 10. Qc2 c6 11. O-O Na6 12. f3 Nc7 13. Bd2 Ne6 14. Rad1
b6 15. Bc1 Bb7 16. Kh1 Qc7 17. Qf2 Ne8 18. e4 N8g7 19. Bh6 Bh4 20. exd5
cxd5 21. Nb5 Qd7 22. Nh5 Qe7 23. g3 Nxh5 24. Bxf8 Rxf8 25. gxh4 Nef4 26.
Rfe1 Qf6 27. Bf1 Ng7 28. Nc3 Nf5 29. Ne2 Nh5 30. Bh3 Nxh4 31. Bg4 Ng7 32.
f4 h5 33. Bh3 g5 34. Nc3 Ng6 35. f5 Nf4 36. Qf3 Bc6 37. Re5 Rd8 38. Qe3 Qd6
39. f6 Qxf6 40. Ne2 Nxh3 41. Qxh3 Qg6 42. Nf4 gxf4 43. Rg1 Bd7 44. Qh4 Bg4
45. Qxd8+ Kh7 46. Qxd5 f6 47. Re7 f3 48. Qb7 Kh6 49. Rxg7 Qxg7 50. Qxg7+
Kxg7 51. Rc1 Kf7 52. Kg1 Bd7 53. Re1 Bc6 54. Kf2 Bd5 55. Kg3 Bb7 56. h4 Bd5
57. Re3 b5 58. Rc3 Bc4 59. a4 Ke6 60. axb5 Bxb5 61. Rc5 1-0

[Event "Najdorf Mem Open A"]
[Site "Warsaw POL"]
[Date "2010.07.21"]
[Round "5"]
[White "Erdos,V"]
[Black "Staniszewski,Pi"]
[Result "1-0"]
[WhiteElo "2592"]
[BlackElo "2389"]
[EventDate "2010.07.17"]

1. d4 Nf6 2. c4 e6 3. Nf3 b6 4. Nc3 Bb7 5. a3 d5 6. cxd5 Nxd5 7. Qc2 Nxc3
8. bxc3 c5 9. e4 Nd7 10. Bf4 cxd4 11. cxd4 Rc8 12. Qb1 Be7 13. Bd3 O-O 14.
O-O Rc3 15. Rc1 Rxc1+ 16. Bxc1 Qc7 17. Bd2 Rc8 18. a4 Nf8 19. a5 Ng6 20. h3
Nh4 21. Ne1 Ng6 22. axb6 axb6 23. Ra2 e5 24. d5 Bc5 25. Nf3 Nf4 26. Qb3 Rd8
27. Bc4 Bd6 28. Be3 Rc8 29. Bf1 Bc5 30. Bxc5 Qxc5 31. Ra7 Qc1 32. Qe3 Qc7
33. Nxe5 Qxe5 34. Rxb7 g6 35. Rxb6 Rc3 36. Qd2 Ra3 37. g3 Nh5 38. Bg2 Nf6
39. Qb2 Rc3 40. Rc6 Nxe4 41. Kh2 Nxg3 42. Qxc3 Nf1+ 43. Kg1 1-0

[Event "Najdorf Mem Open A"]
[Site "Warsaw POL"]
[Date "2010.07.21"]
[Round "5"]
[White "Krysztofiak,M"]
[Black "Dziuba,M"]
[Result "0-1"]
[WhiteElo "2436"]
[BlackElo "2582"]
[EventDate "2010.07.17"]

1. g3 Nf6 2. Bg2 d5 3. Nf3 c6 4. O-O Bg4 5. d3 Nbd7 6. h3 Bxf3 7. Bxf3 e5
8. e4 dxe4 9. dxe4 Bc5 10. Nd2 O-O 11. Nc4 Qe7 12. Qe2 Rfd8 13. Kg2 Nf8 14.
c3 a5 15. a4 N6d7 16. Rd1 Re8 17. h4 Nb6 18. Bg4 Nxc4 19. Qxc4 h6 20. b3
Red8 21. Rxd8 Rxd8 22. Ra2 Nh7 23. Rd2 Rxd2 24. Bxd2 Nf6 25. Bf3 Bb6 26. b4
Qd7 27. Qe2 Qd6 28. Be1 axb4 29. cxb4 Qd4 30. a5 Ba7 31. Qd2 Qa1 32. Qd8+
Kh7 33. Bd2 Bd4 34. Qc8 Qb2 35. Qf5+ Kh8 36. Bxh6 Qxf2+ 37. Kh3 Qf1+ 38.
Kh2 Bg1+ 39. Kh1 Bf2+ 40. Kh2 Qg1+ 0-1

[Event "Najdorf Mem Open A"]
[Site "Warsaw POL"]
[Date "2010.07.21"]
[Round "5"]
[White "Malakhatko,V"]
[Black "Matuszewski,M"]
[Result "1-0"]
[WhiteElo "2576"]
[BlackElo "2317"]
[EventDate "2010.07.17"]

1. d4 d5 2. c4 c6 3. Nf3 Nf6 4. Qc2 g6 5. e3 Bf5 6. Qb3 Qb6 7. Nc3 Na6 8.
Be2 Qxb3 9. axb3 Nb4 10. O-O Bg7 11. Bd2 O-O 12. Na4 a5 13. Nb6 Ra6 14.
Bxb4 Rxb6 15. Bxe7 Re8 16. Ba3 Ne4 17. c5 Rxb3 18. Bd1 Rd3 19. Bc2 Nxf2 20.
Rxf2 Rdxe3 21. Bxf5 gxf5 22. Rd1 R8e4 23. Kf1 f4 24. Rfd2 Bf6 25. Rd3 Re2
26. b3 Ra2 27. Bc1 Kg7 28. Bd2 Kg6 29. Be1 Kf5 30. Bf2 Bg5 31. R3d2 Ra3 32.
Rb2 Bf6 33. Rdb1 Re7 34. b4 a4 35. h3 Re8 36. b5 Rc3 37. bxc6 bxc6 38. Ra2
a3 39. Rba1 Ra8 40. Ke2 h5 41. Rb1 Ra4 42. Rb6 Bd8 43. Kd2 Rcc4 44. Rb3
Ba5+ 45. Kd3 Bb4 46. Ne5 Bxc5 47. dxc5 Kxe5 48. Raxa3 d4 49. Rxa4 Rxa4 50.
Rb8 Kd5 51. Rd8+ Ke5 52. Bxd4+ Kf5 53. Re8 Ra3+ 54. Bc3 f3 55. gxf3 Kf4 56.
Rh8 Kxf3 57. Rxh5 Kf4 58. Rh6 f5 59. Rxc6 Kg3 60. Rg6+ Kxh3 61. c6 1-0

[Event "Najdorf Mem Open A"]
[Site "Warsaw POL"]
[Date "2010.07.21"]
[Round "5"]
[White "Czerwonski,A"]
[Black "Olszewski,Mi"]
[Result "1/2-1/2"]
[WhiteElo "2379"]
[BlackElo "2543"]
[EventDate "2010.07.17"]

1. d4 Nf6 2. Nf3 g6 3. c4 Bg7 4. Nc3 d5 5. cxd5 Nxd5 6. e4 Nxc3 7. bxc3 c5
8. Rb1 O-O 9. Be2 b6 10. O-O Qc7 11. Bg5 Nc6 12. Qd2 Bg4 13. d5 Ne5 14.
Nxe5 Bxe2 15. Nxg6 hxg6 16. Qxe2 Bxc3 17. f4 e6 18. e5 exd5 19. Bf6 Rae8
20. Qf3 Bd4+ 21. Kh1 Re6 22. Qxd5 Qc6 23. Qc4 Rxf6 24. exf6 Bxf6 25. a4 Kg7
26. Rbd1 Rh8 27. Rfe1 Rh3 28. Qb5 Qxb5 29. axb5 Ra3 30. Rd7 Bc3 31. Red1
Rb3 32. Rxa7 Rxb5 33. g3 Bd4 34. Rc7 Rb2 35. Re1 Kf6 36. g4 b5 37. Ree7 b4
38. Rxf7+ Ke6 39. Rcd7 b3 40. Rfe7+ Kf6 41. Rf7+ Ke6 42. Rfe7+ Kf6 43. h4
Rb1+ 44. Kh2 b2 45. Rf7+ Ke6 46. Rfe7+ Kf6 47. Rf7+ Ke6 48. Rfe7+ 1/2-1/2

[Event "Najdorf Mem Open A"]
[Site "Warsaw POL"]
[Date "2010.07.21"]
[Round "5"]
[White "Van Assendelft,F"]
[Black "Petrov,Marij"]
[Result "1/2-1/2"]
[WhiteElo "2374"]
[BlackElo "2535"]
[EventDate "2010.07.17"]

1. e4 g6 2. d4 Bg7 3. Nc3 c6 4. Nf3 d6 5. h3 Nf6 6. a4 O-O 7. g3 b6 8. Bg2
Ba6 9. d5 e6 10. dxe6 fxe6 11. e5 dxe5 12. Qxd8 Rxd8 13. Bg5 h6 14. Bxf6
Bxf6 15. Nd2 Be7 16. O-O-O Bc5 17. Nce4 Nd7 18. Nf3 Be7 19. Rd2 Nc5 20.
Rxd8+ Rxd8 21. Nxe5 Nxe4 22. Bxe4 Rd4 23. Bxc6 g5 24. c3 Rd8 25. Bb5 Bb7
26. Bc6 Ba6 27. Bb5 1/2-1/2

[Event "Najdorf Mem Open A"]
[Site "Warsaw POL"]
[Date "2010.07.21"]
[Round "5"]
[White "Boros,De"]
[Black "Beinoras,M"]
[Result "1-0"]
[WhiteElo "2499"]
[BlackElo "2386"]
[EventDate "2010.07.17"]

1. e4 e5 2. Nf3 Nf6 3. Nc3 Nc6 4. Bb5 Nd4 5. Nxe5 Qe7 6. f4 Nxb5 7. Nxb5 d5
8. exd5 Nxd5 9. c4 Bd7 10. a4 f6 11. cxd5 Bxb5 12. axb5 fxe5 13. O-O Qc5+
14. Kh1 O-O-O 15. fxe5 Rxd5 16. Qg4+ Kb8 17. Qf3 b6 18. d4 Qxd4 19. Bf4 Qc4
20. e6 Qxb5 21. Rfc1 Rc5 22. b4 Rxc1+ 23. Rxc1 Bd6 24. Bxd6 cxd6 25. Qf7
Qe8 26. Qc7+ Ka8 27. e7 1-0

[Event "Najdorf Mem Open A"]
[Site "Warsaw POL"]
[Date "2010.07.21"]
[Round "5"]
[White "Simonian,H"]
[Black "Klim,K"]
[Result "1/2-1/2"]
[WhiteElo "2494"]
[BlackElo "2245"]
[EventDate "2010.07.17"]

1. Nf3 d6 2. e4 c5 3. Nc3 Nc6 4. Bb5 e5 5. Bxc6+ bxc6 6. d3 g6 7. O-O Bg7
8. Bd2 Ne7 9. Ne1 O-O 10. f4 exf4 11. Bxf4 h6 12. Qc1 g5 13. Bd2 f5 14.
exf5 Nxf5 15. Ne2 Qe8 16. Rf2 Nd4 17. Rxf8+ Kxf8 18. Nxd4 Bxd4+ 19. Kh1 Bg4
20. Nf3 Bxf3 21. Qf1 Qe2 22. Qxf3+ Qxf3 23. gxf3 Re8 24. Re1 Rxe1+ 25. Bxe1
Bxb2 26. Kg2 Be5 27. h3 Kf7 28. c4 a6 29. Kf2 Bd4+ 30. Kg3 Be5+ 31. Kf2 Ke6
32. Ke2 Kf5 33. Bd2 h5 34. Kf2 Bf6 35. Ke2 Be5 1/2-1/2

[Event "Najdorf Mem Open A"]
[Site "Warsaw POL"]
[Date "2010.07.21"]
[Round "5"]
[White "Cernousek,L"]
[Black "Zhigalko,S"]
[Result "1/2-1/2"]
[WhiteElo "2412"]
[BlackElo "2656"]
[EventDate "2010.07.17"]

1. d4 Nf6 2. c4 e6 3. g3 c5 4. d5 exd5 5. cxd5 d6 6. Nc3 g6 7. Bg2 Bg7 8.
Nf3 O-O 9. O-O Re8 10. Nd2 a6 11. a4 Nbd7 12. h3 Nh5 13. Nce4 Ndf6 14. Nc3
Nd7 15. Nce4 Ndf6 16. Nc3 Nd7 1/2-1/2

[Event "Najdorf Mem Open A"]
[Site "Warsaw POL"]
[Date "2010.07.21"]
[Round "5"]
[White "Jakubowski,K"]
[Black "Bove,A"]
[Result "1-0"]
[WhiteElo "2506"]
[BlackElo "2377"]
[EventDate "2010.07.17"]

1. e4 e5 2. Nc3 Nf6 3. g3 Nc6 4. Bg2 d6 5. d3 Be7 6. Nge2 Be6 7. f4 exf4 8.
Nxf4 Bg4 9. Qd2 O-O 10. h3 Bc8 11. d4 Nb8 12. O-O Na6 13. Kh2 c6 14. Nd1 d5
15. exd5 Nxd5 16. Nxd5 cxd5 17. c3 Be6 18. Nf2 Bd6 19. Nd3 Nc7 20. Qf2 Rc8
21. Bf4 Bf5 22. Bxd6 Bxd3 23. Bxf8 Bxf1 24. Bxg7 Bxg2 25. Bf6 Qd6 26. Kxg2
Ne8 27. Be5 Qg6 28. Re1 Rc6 29. Qf3 Re6 30. Qxd5 Qc2+ 31. Kh1 Qxb2 32. Qf3
Qxa2 33. d5 Re7 34. Qg4+ Kf8 35. Qe4 Nf6 36. Qd4 Qxd5+ 37. Qxd5 Nxd5 38.
Bd6 Ke8 39. Bxe7 Nxe7 40. Kg2 Kd7 41. Kf3 a5 42. Ke4 Kc6 43. Kd3 Nc8 44.
Re8 Nd6 45. Rh8 b5 46. Rxh7 b4 47. cxb4 axb4 48. h4 Kd5 49. Rh8 Ke5 50. h5
Kf6 51. Rg8 b3 52. g4 b2 53. Kc2 Ne4 54. h6 1-0

[Event "Najdorf Mem Open A"]
[Site "Warsaw POL"]
[Date "2010.07.21"]
[Round "5"]
[White "Berczes,D"]
[Black "Kadziolka,B"]
[Result "0-1"]
[WhiteElo "2551"]
[BlackElo "2305"]
[EventDate "2010.07.17"]

1. d4 f5 2. e4 fxe4 3. Nc3 Nf6 4. Bg5 Nc6 5. d5 Ne5 6. Qe2 c6 7. O-O-O Nxd5
8. Nxd5 Nf7 9. Bh4 cxd5 10. Rxd5 b6 11. Rd1 Bb7 12. Qg4 Qc8 13. Bb5 Bc6 14.
Bxc6 Qxc6 15. Ne2 h5 16. Qh3 g5 17. Bg3 h4 18. Nd4 Qb7 19. Qf5 hxg3 20.
hxg3 Rg8 21. Ne6 Qc6 22. Qh7 Rh8 23. Ng7+ Bxg7 24. Qxg7 Rf8 0-1

[Event "Najdorf Mem Open A"]
[Site "Warsaw POL"]
[Date "2010.07.21"]
[Round "5"]
[White "Bernasek,J"]
[Black "Stoma,P"]
[Result "1-0"]
[WhiteElo "2514"]
[BlackElo "2302"]
[EventDate "2010.07.17"]

1. d4 d5 2. c4 c6 3. Nf3 Nf6 4. e3 a6 5. Bd3 Bg4 6. Qb3 Qc7 7. Ne5 Bh5 8.
O-O e6 9. f4 Nbd7 10. Nc3 Be7 11. Bd2 dxc4 12. Qxc4 c5 13. Ne4 b5 14. Qc2
Qb6 15. Nxd7 Nxd7 16. Ng3 Nf6 17. a4 Rc8 18. axb5 axb5 19. f5 Bg4 20. h3
O-O 21. hxg4 cxd4 22. Qd1 dxe3 23. Ba5 Qd4 24. Bc3 Qxg4 25. Qxg4 Nxg4 26.
fxe6 fxe6 27. Bxb5 Bc5 28. Rxf8+ Rxf8 29. Be2 Rf4 30. Ra5 Be7 31. Nh5 Re4
32. Bd3 1-0

[Event "Najdorf Mem Open A"]
[Site "Warsaw POL"]
[Date "2010.07.21"]
[Round "5"]
[White "Laurusas,T"]
[Black "Warakomski,T"]
[Result "1-0"]
[WhiteElo "2233"]
[BlackElo "2495"]
[EventDate "2010.07.17"]

1. d4 Nf6 2. c4 e6 3. Nf3 Bb4+ 4. Bd2 c5 5. Bxb4 cxb4 6. Nbd2 d6 7. g3 O-O
8. Bg2 a5 9. O-O Na6 10. e4 Nd7 11. Re1 e5 12. Nf1 b6 13. Qd3 Bb7 14. Rad1
Nf6 15. b3 a4 16. N3d2 Qc7 17. Ne3 exd4 18. Nf5 Rfe8 19. Qxd4 Re6 20. g4 h6
21. Nf1 axb3 22. axb3 Nc5 23. N1g3 Ne8 24. Re3 Ra3 25. Qb2 Rg6 26. h3 Ne6
27. Ne2 Qc5 28. Ne7+ Kh7 29. Nxg6 fxg6 30. e5 Bxg2 31. Kxg2 Qc6+ 32. f3 Nc5
33. exd6 Nxd6 34. Re7 Ne8 35. Qe5 Rxb3 36. Ng1 Nd3 37. Rxd3 Rxd3 38. Rxe8
Rd2+ 39. Ne2 Qxc4 40. Re7 Qg8 41. Rb7 b3 42. Rxb6 Qf7 43. h4 h5 44. gxh5
Rd5 45. Qf4 Qxf4 46. hxg6+ Kh6 47. Nxf4 Rd4 48. Kg3 b2 49. Rb8 Rb4 50. Rh8+
1-0

[Event "Najdorf Mem Open A"]
[Site "Warsaw POL"]
[Date "2010.07.21"]
[Round "5"]
[White "Sznapik,A"]
[Black "Przezdziecka,M"]
[Result "1-0"]
[WhiteElo "2434"]
[BlackElo "2278"]
[EventDate "2010.07.17"]

1. Nf3 Nf6 2. g3 g6 3. Bg2 Bg7 4. O-O d5 5. c4 O-O 6. cxd5 Nxd5 7. Nc3 Nb6
8. a4 a5 9. d3 Nc6 10. Be3 e5 11. Bxb6 cxb6 12. Nd2 Be6 13. Nc4 Rc8 14. Nb5
Bxc4 15. dxc4 Qxd1 16. Rfxd1 Nd4 17. e3 Nb3 18. Ra3 Nc5 19. Bd5 Kh8 20. Rb1
f5 21. Nd6 Rcd8 22. Nf7+ Rxf7 23. Bxf7 Bf8 24. Bd5 e4 25. b3 Rd7 26. Ra2
Nd3 27. Rd2 Kg7 28. Kf1 Kf6 29. Ke2 Ke5 30. Rdd1 Nb4 31. f3 Na2 32. fxe4
Nc3+ 33. Kd3 Nxd1 34. Rxd1 fxe4+ 35. Ke2 Bg7 36. Rb1 Bf8 37. b4 Rc7 38.
bxa5 bxa5 39. Rb5 b6 40. Rxa5 Bc5 41. Ra8 Re7 42. Rc8 Ra7 43. Re8+ Re7 44.
Ra8 Rc7 45. Ra6 Kf5 46. a5 bxa5 47. Rxa5 h5 48. h3 g5 49. Kf2 g4 50. h4 Ke5
51. Ra6 Bd6 52. Ra8 Bc5 53. Re8+ Kf6 54. Re6+ Kf5 55. Ra6 Re7 56. Ke2 Ke5
57. Ra8 Kf5 58. Ra5 Rc7 59. Ra6 Re7 60. Rc6 Bb4 61. Rb6 Bc5 62. Rb7 Re8 63.
Rb5 Rc8 64. Bf7 Ke5 65. Bxh5 Kd6 66. Rb2 Ra8 67. Rd2+ Ke7 68. Kf2 Rf8+ 69.
Kg2 Rf3 70. Bxg4 Rxe3 71. Re2 Rxe2+ 72. Bxe2 Kf6 73. g4 Ke5 74. g5 Kf5 75.
Kh3 Bf2 76. Bg4+ Kg6 77. Bd7 e3 78. Bg4 Kg7 79. Be2 Be1 80. Kg4 Bb4 81. h5
Be7 82. h6+ Kh7 83. Bd3+ Kg8 84. g6 Bd6 85. c5 Bxc5 86. Bc4+ 1-0

[Event "Najdorf Mem Open A"]
[Site "Warsaw POL"]
[Date "2010.07.21"]
[Round "5"]
[White "Przedmojski,R"]
[Black "Banasik,K"]
[Result "1-0"]
[WhiteElo "2390"]
[BlackElo "2250"]
[EventDate "2010.07.17"]

1. d4 e6 2. g3 Nf6 3. c4 a6 4. Bg2 d5 5. Qc2 Be7 6. Nf3 O-O 7. O-O b6 8.
Rd1 Bb7 9. cxd5 exd5 10. Bf4 Bd6 11. Bxd6 Qxd6 12. Ne5 Nbd7 13. Nxd7 Qxd7
14. Nd2 Rac8 15. Rac1 Rfe8 16. e3 h6 17. b4 Re7 18. Nf3 Qd6 19. a3 Ne8 20.
Rd3 b5 21. Rc3 Qb6 22. Ne5 Qe6 23. Nc6 Rd7 24. Rc5 Rd6 25. a4 Bxc6 26. Rxc6
Rb8 27. Rc5 Qd7 28. Ra1 c6 29. axb5 axb5 30. Ra6 Rc8 31. Rb6 Rc7 32. Rb8 f5
33. h4 h5 34. Bxd5+ Rxd5 35. Rxe8+ Kf7 36. Re5 Rxe5 37. Rxe5 g6 1-0

[Event "Najdorf Mem Open A"]
[Site "Warsaw POL"]
[Date "2010.07.21"]
[Round "5"]
[White "Krzyzanowski,M"]
[Black "Drozdowski,K"]
[Result "1/2-1/2"]
[WhiteElo "2377"]
[BlackElo "2223"]
[EventDate "2010.07.17"]

1. e4 c5 2. Nf3 e6 3. c3 d5 4. exd5 Qxd5 5. d4 Nf6 6. Na3 Qd8 7. Nc2 Nc6 8.
g3 Be7 9. Bg2 O-O 10. O-O cxd4 11. Ncxd4 Bd7 12. Qe2 Qc8 13. Rd1 a6 14. a4
Re8 15. Nxc6 Bxc6 16. Bh3 Bd5 17. Ne5 Qc7 18. c4 Be4 19. Bf4 g5 20. Ng4
gxf4 21. Nxf6+ Bxf6 22. Qxe4 fxg3 23. hxg3 Rad8 24. Bg2 b6 25. Qe2 Qe5 26.
Qxe5 Bxe5 27. Rab1 Rxd1+ 28. Rxd1 Bxb2 29. Bb7 Ba3 30. Bxa6 Bc5 31. Kg2 Kg7
32. Bb5 Rh8 33. Rd7 Rc8 34. f4 Kf6 35. g4 h6 36. Kf3 e5 37. Rd5 exf4 38.
Kxf4 Rc7 39. Rf5+ Kg7 40. Ke4 Be7 41. Kd3 Rc5 42. Rd5 Rxd5+ 43. cxd5 Kf6
44. Be8 Ke5 45. Bxf7 Kd6 46. Kc4 Kc7 47. Kd4 Kd6 48. Kc4 Kc7 49. Be8 Kd6
50. Kb5 Kc7 51. Bg6 Bd6 52. Kc4 Be5 53. Kd3 Kd6 54. Ke4 Bc3 55. Bf7 Bf6 56.
Kf5 Bg5 57. Be6 Bd2 58. Ke4 Bg5 59. Kd3 Be7 60. Kc4 Kc7 61. Kb5 Bd6 62. a5
bxa5 63. Kxa5 1/2-1/2

[Event "Najdorf Mem Open A"]
[Site "Warsaw POL"]
[Date "2010.07.21"]
[Round "5"]
[White "Janczarski,M"]
[Black "Nguyen,P"]
[Result "1/2-1/2"]
[WhiteElo "2285"]
[BlackElo "2372"]
[EventDate "2010.07.17"]

1. c4 Nf6 2. g3 g6 3. Bg2 Bg7 4. Nc3 O-O 5. e3 d6 6. Nge2 e5 7. O-O a5 8.
a3 Qe7 9. d3 c6 10. Bd2 Be6 11. b4 d5 12. cxd5 cxd5 13. d4 e4 14. Na4
1/2-1/2

[Event "Najdorf Mem Open A"]
[Site "Warsaw POL"]
[Date "2010.07.21"]
[Round "5"]
[White "Malec,S"]
[Black "Valsecchi,A"]
[Result "1/2-1/2"]
[WhiteElo "2108"]
[BlackElo "2360"]
[EventDate "2010.07.17"]

1. e4 e5 2. Nf3 Nc6 3. Bb5 a6 4. Bxc6 dxc6 5. O-O Qd6 6. Na3 b5 7. c3 Bg4
8. h3 Bh5 9. d4 O-O-O 10. g4 Bg6 11. Nxe5 h5 12. f4 hxg4 13. Qxg4+ Kb7 14.
f5 Bh5 15. Qg2 Nf6 16. Bf4 g5 17. Nxf7 gxf4 18. Nxd6+ Bxd6 19. e5 Rdg8 20.
exf6 f3 21. Qg7 Bf8 22. Kf2 Bxg7 23. fxg7 Rxg7 24. Rg1 Rf7 25. Rg5 Re7 26.
Re1 Rxe1 27. Kxe1 Bf7 28. Rg3 Bd5 29. b3 Re8+ 30. Kf1 Re2 31. c4 Be4 32. f6
Rxa2 33. Rxf3 Bxf3 34. f7 Rxa3 35. f8=Q Rxb3 36. cxb5 axb5 37. Ke1 Bd5 38.
h4 Rf3 39. Qe7 Rf4 40. Qc5 Rxh4 41. Kd2 Rh2+ 42. Kc1 Ra2 43. Qe7 Ra4 44.
Qe5 b4 45. Kb2 b3 46. Kb1 Ra8 47. Qe3 Rf8 48. Qe1 Rf4 49. Qd2 Rf1+ 50. Kb2
Kc8 51. Qh2 Rf3 52. Qh8+ Kb7 53. Qh2 Rf8 54. Qd2 Rg8 55. Qb4+ Kc8 56. Qe7
Rg2+ 57. Kb1 Rf2 58. Qe3 Rf1+ 59. Kb2 Rf8 60. Qe2 Rf4 61. Qe3 Re4 62. Qf2
Re8 63. Kb1 Bc4 64. Qf3 Re1+ 65. Kb2 Re2+ 66. Kb1 Re6 67. Qf8+ Kd7 68. Qf7+
Kd6 69. Qf8+ Re7 70. Qd8+ Ke6 71. Qg8+ Rf7 72. Qe8+ Kd6 73. Qd8+ Ke6 74.
Qe8+ Kd6 1/2-1/2

[Event "Najdorf Mem Open A"]
[Site "Warsaw POL"]
[Date "2010.07.21"]
[Round "5"]
[White "Szewczak,And"]
[Black "Deszczynski,A"]
[Result "0-1"]
[WhiteElo "1981"]
[BlackElo "2352"]
[EventDate "2010.07.17"]

1. e4 c5 2. Nc3 Nc6 3. f4 e6 4. Nf3 a6 5. a4 d5 6. d3 Nf6 7. Be2 Be7 8. O-O
O-O 9. Kh1 b6 10. e5 Nd7 11. d4 cxd4 12. Nxd4 Nxd4 13. Qxd4 f6 14. Nxd5
fxe5 15. Nxe7+ Qxe7 16. fxe5 Rxf1+ 17. Bxf1 Bb7 18. Bf4 Rf8 19. Bg3 Nc5 20.
Kg1 Rd8 21. Qe3 Qc7 22. b4 Ne4 23. Bd3 Qc6 24. b5 axb5 25. axb5 Qd5 26.
Bxe4 Qxe4 27. Qxe4 Bxe4 28. Ra6 Rd2 29. c4 Rxg2+ 30. Kf1 Rc2 31. Rxb6 Kf7
32. Rd6 Rxc4 33. Ke2 g5 34. b6 Rb4 35. Kd2 Bd5 36. Kc3 Rb5 37. Bf2 Ke8 38.
Be3 h6 39. Bd4 g4 40. Be3 h5 41. Bg5 Kf7 42. Bd8 Kg6 43. Kd4 Kf5 44. Rd7
Bg2 45. Rf7+ Kg6 46. Rf6+ Kg7 47. Bc7 Bd5 48. Bd8 Rb2 49. Kc5 Rc2+ 50. Kd6
Rxh2 51. b7 Rb2 52. Rf2 Rxb7 53. Bh4 Rb3 54. Ke7 Rf3 55. Rxf3 gxf3 56. Kd6
Kg6 57. Kc5 Kf5 58. Kd4 Kg4 59. Bf2 h4 60. Ke3 h3 61. Bg1 Kg3 62. Bh2+ Kg2
0-1

[Event "Najdorf Mem Open A"]
[Site "Warsaw POL"]
[Date "2010.07.21"]
[Round "5"]
[White "Zozulia,A"]
[Black "Alvarado,C"]
[Result "1-0"]
[WhiteElo "2340"]
[BlackElo "2216"]
[EventDate "2010.07.17"]

1. e4 e5 2. Nf3 Nf6 3. Nc3 Bb4 4. Nxe5 O-O 5. Be2 Re8 6. Nf3 Nxe4 7. Nxe4
Rxe4 8. O-O d5 9. d4 Bg4 10. Be3 Nc6 11. c3 Bd6 12. Qc2 Qf6 13. h3 Bh5 14.
Ng5 Bg6 15. Nxe4 Bxe4 16. Bd3 Qh4 17. f4 Qg3 18. Rae1 Bxd3 19. Qxd3 Bxf4
20. Rxf4 Qxe1+ 21. Kh2 Re8 22. Bf2 Qe2 23. Qf5 Qe6 24. Qg5 Ne7 25. Rf3 h6
26. Qh5 c6 27. Re3 Qd7 28. Qe5 Kf8 29. Rf3 Ng6 30. Qh5 Re6 31. Bg3 Kg8 32.
a4 Qe8 33. Qf5 Re4 34. Rf2 Qe6 35. Qxe6 Rxe6 36. b4 a6 37. b5 axb5 38. axb5
Re4 39. b6 Re3 40. Ra2 Rxc3 41. Ra7 c5 42. Rxb7 cxd4 43. Ra7 Nf8 44. b7 d3
45. b8=Q d2 46. Qf4 1-0

[Event "Najdorf Mem Open A"]
[Site "Warsaw POL"]
[Date "2010.07.21"]
[Round "5"]
[White "Przybylski,W"]
[Black "Weichhold,P"]
[Result "0-1"]
[WhiteElo "2322"]
[BlackElo "2190"]
[EventDate "2010.07.17"]

1. e4 c5 2. Nf3 d6 3. d4 Nf6 4. Nc3 cxd4 5. Nxd4 g6 6. Be3 Bg7 7. f3 Nc6 8.
Bc4 O-O 9. Qd2 Bd7 10. O-O-O Rc8 11. Bb3 Nxd4 12. Bxd4 b5 13. a3 a5 14. Nd5
Nxd5 15. Bxg7 Kxg7 16. exd5 b4 17. axb4 axb4 18. Qxb4 Rc5 19. Rhe1 Re8 20.
Re3 Kg8 21. Rde1 Qa8 22. Kd2 Rb8 23. Qd4 Qa7 24. Rc3 Bb5 25. Re4 Rbc8 26.
Qe3 Qa1 27. Rxc5 dxc5 28. Rxe7 c4 29. Qc3 Qg1 30. Ba2 Qxg2+ 31. Kd1 Qg1+
32. Re1 Qc5 33. Re5 Ra8 34. Bb1 Rd8 35. Kc1 Qg1+ 36. Re1 Qxh2 37. b3 cxb3
38. Qxb3 Qf4+ 39. Kb2 Ba4 40. Qc3 Rb8+ 41. Ka1 Qd6 42. Ba2 Bxc2 43. Qc6 Qb4
44. Re8+ Rxe8 45. Qxe8+ Qf8 46. Qe5 Qg7 47. f4 Be4 48. Kb2 h5 49. d6 Qxe5+
50. fxe5 Kf8 51. Kc3 h4 52. e6 fxe6 53. Bxe6 Bg2 54. Kd4 h3 55. Bxh3 Bxh3
56. Ke5 Ke8 0-1

[Event "Najdorf Mem Open A"]
[Site "Warsaw POL"]
[Date "2010.07.21"]
[Round "5"]
[White "Wieczorek,O"]
[Black "Delega,T"]
[Result "1-0"]
[WhiteElo "2316"]
[BlackElo "2186"]
[EventDate "2010.07.17"]

1. e4 e6 2. d4 d5 3. Nc3 Bb4 4. e5 b6 5. Qg4 Bf8 6. Bg5 Qd7 7. f4 Ba6 8.
Nf3 Bxf1 9. Rxf1 Nc6 10. O-O-O Nge7 11. Bxe7 Nxe7 12. Nh4 g6 13. g3 O-O-O
14. Ng2 Kb7 15. Ne3 h5 16. Qf3 Bg7 17. h3 Rc8 18. g4 hxg4 19. hxg4 c6 20.
Rh1 Rcg8 21. Ne2 Qc8 22. Kb1 Rxh1 23. Rxh1 Rh8 24. Rf1 Rh2 25. f5 gxf5 26.
gxf5 exf5 27. Ng3 Rh3 28. Qg2 Qh8 29. c4 Rh2 30. Qf3 f4 31. Qxf4 Qh7+ 32.
Ka1 Bh6 33. Qf6 Ng8 34. Qxf7+ Qxf7 35. Rxf7+ Ka6 36. Nef5 Rg2 37. b3 Bf4
38. Rg7 Nh6 39. e6 Bxg3 40. Rxg3 Rxg3 41. Nxg3 Ng8 42. Nf5 Nf6 43. e7 Ne8
44. c5 1-0

[Event "Najdorf Mem Open A"]
[Site "Warsaw POL"]
[Date "2010.07.21"]
[Round "5"]
[White "Bobula,M"]
[Black "Zaninotto,F"]
[Result "1/2-1/2"]
[WhiteElo "2387"]
[BlackElo "2189"]
[EventDate "2010.07.17"]

1. d4 Nf6 2. c4 g6 3. Nf3 Bg7 4. g3 O-O 5. Bg2 d6 6. O-O c6 7. Nc3 Bf5 8.
b3 Ne4 9. Bb2 Nxc3 10. Bxc3 Be4 11. Qd2 Nd7 12. Rfd1 d5 13. Rac1 a5 14. Qf4
e6 15. Bh3 Bxf3 16. Qxf3 f5 17. Qd3 Bh6 18. Bd2 Bxd2 19. Rxd2 Qe7 20. f3
Nf6 21. Bg2 Rad8 22. Qc3 Ra8 23. e4 fxe4 24. fxe4 Nxe4 25. Bxe4 dxe4 26.
Qe3 Rf6 27. Qxe4 Raf8 28. Kg2 Qf7 29. Qe2 h5 30. Re1 Kh7 31. Qe3 Kg8 32.
Rde2 Kh7 33. Kh3 Qd7 34. Kg2 Qf7 35. d5 cxd5 36. cxd5 exd5 37. Qd4 Kg8 38.
Rd1 Rf5 39. Qc5 Re8 40. Rf2 Rxf2+ 41. Qxf2 Qe6 1/2-1/2